01103 a2200253 4500003000500000005001700005010001600022020001500038040000900053082001800062100003200080245008600112250001300198260003500211300003100246490006100277505024500338650003800583650003400621700003700655942001200692999001900704952012600723Nust20221125142251.0 a 70141920 a0070273820 cNust00a621.38132,HAY1 aHayt, William Hart,910131310aEngineering circuit analysis /c[by] William H. Hayt, Jr. [and] Jack E. Kemmerly. a2nd. ed. aNew York,bMcGraw-Hillc[1971] axv, 653 p.billus.c24 cm.0 aMcGraw-Hill electrical and electronic engineering series aPart 1: The Resistive Circuits (Page-3), Part 2: The Transient Circuits (Page-109), Part 3: Sinusoidal Analysis (Page-233), Part 4: Complex Frequency (Page-351), Part 5: Two Port Networks (Page-431), Part 6: Network Analysis (Page-503). 0aElectric network analysis.910704 0aTelecommunication engineering1 aKemmerly, Jack E.d1924-9102222 2ddccBK c188961d188961 00102ddc4070aMCSbMCScGENd2016-12-12o621.38132,HAYpMCS5309r2016-12-08w2016-12-12yBKzAlmirah No.32, Shelf No.4